Children`s first computer encyclopaedia / (Record no. 12329)
[ view plain ]
| 000 -LEADER | |
|---|---|
| fixed length control field | 00488cam a2200181ua 4500 |
| 020 ## - INTERNATIONAL STANDARD BOOK NUMBER | |
| ISBN | 0-7235-7090-6 |
| 041 ## - LANGUAGE CODE | |
| Language code of text/sound track or separate title | eng |
| 082 ## - DEWEY DECIMAL CLASSIFICATION NUMBER | |
| Classification number | 030.004 |
| Item number | WIC/CH |
| 100 ## - MAIN ENTRY--AUTHOR NAME | |
| Personal name | Wicks, Kieth . |
| 245 ## - TITLE STATEMENT | |
| Title | Children`s first computer encyclopaedia / |
| 250 ## - EDITION STATEMENT | |
| Edition statement | 1 / |
| 260 ## - PUBLICATION, DISTRIBUTION, ETC. (IMPRINT) | |
| Place of publication | Manchester : |
| Name of publisher | World international publishing limited , |
| Year of publication | 1985. |
| 300 ## - PHYSICAL DESCRIPTION | |
| Number of Pages | 62 ; . |
| 942 ## - ADDED ENTRY ELEMENTS (KOHA) | |
| Koha item type | Books |
| Withdrawn status | Lost status | Damaged status | Home library | Current library | Date acquired | Full call number | Accession Number | Koha item type |
|---|---|---|---|---|---|---|---|---|
| KAUAET | KAUAET | 02/09/1986 | 030.004 | 15623 | Reference |
